[Event "Canadian op"]
[Site "Edmonton"]
[Date "2005.07.17"]
[Round "10"]
[White "Henson, Joshua"]
[Black "Wong, Wylon"]
[Result "1-0"]
[WhiteElo "2221"]
[BlackElo "1894"]
[PlyCount "75"]
[EventDate "2005.07.09"]
[EventType "swiss"]
[EventRounds "10"]
[EventCountry "CAN"]
[SourceTitle "CBM 107 Extra"]
[Source "ChessBase"]
[SourceDate "2005.09.01"]
[SourceVersion "1"]
[SourceVersionDate "2005.09.01"]
[SourceQuality "1"]

1. e4 d6 2. d4 Nf6 3. Nc3 c6 4. f4 Qa5 5. e5 Ne4 6. Qf3 d5 7. Bd3 Bf5 8. g4 Nxc3 9. Bxf5 Nb5+ 10. Bd2 Qb6 11. c3 e6 12. Bd3 c5 13. Qe2 Nc7 14. Be3 Nc6 15. Nf3 c4 16. Bb1 a5 17. 0-0 Qa7 18. f5 b5 19. a3 Qb7 20. fxe6 Nxe6 21. Ng5 Nxg5 22. Bxg5 Be7 23. Be3 0-0 24. Qf3 Nd8 25. Qh3 g6 26. Qh6 Qd7 27. h3 Ne6 28. Bc2 Qd8 29. Rf5 Ng7 30. Rf3 Bh4 31. g5 Nh5 32. Raf1 Qe7 33. Rf6 b4 34. Bd1 Bg3 35. Bxh5 Bxe5 36. dxe5 Qxe5 37. R6f3 gxh5 38. Bd4 1-0

[Event "Canadian op"]
[Site "Edmonton"]
[Date "2005.07.10"]
[Round "2"]
[White "Erickson, John"]
[Black "Henson, Joshua"]
[Result "0-1"]
[WhiteElo "1904"]
[BlackElo "2221"]
[PlyCount "84"]
[EventDate "2005.07.09"]
[EventType "swiss"]
[EventRounds "10"]
[EventCountry "CAN"]
[SourceTitle "CBM 107 Extra"]
[Source "ChessBase"]
[SourceDate "2005.09.01"]
[SourceVersion "1"]
[SourceVersionDate "2005.09.01"]
[SourceQuality "1"]

1. d4 f5 2. c4 Nf6 3. Nc3 g6 4. Nf3 Bg7 5. g3 0-0 6. Bg2 d6 7. 0-0 Qe8 8. Re1 Qf7 9. b3 Ne4 10. Bb2 Nc6 11. e3 e5 12. dxe5 dxe5 13. Qc2 Nb4 14. Qe2 Nc5 15. Red1 e4 16. Ne1 Nbd3 17. Nxd3 Nxd3 18. Na4 Bd7 19. Rxd3 exd3 20. Qxd3 Bxb2 21. Nxb2 Rad8 22. Qe2 c6 23. Nd3 Qf6 24. Rc1 Bc8 25. h4 Rf7 26. Nf4 Rfd7 27. c5 Rd2 28. Qc4+ Qf7 29. Qc3 Rxa2 30. Bf1 Qg7 31. Bc4+ Kh8 32. Qe1 Rad2 33. b4 Qb2 34. Nd3 R8xd3 35. Bxd3 Rxd3 36. Rd1 Rxd1 37. Qxd1 Qf6 38. h5 Kg7 39. Qa4 a6 40. Qa5 Be6 41. Qc7+ Kh6 42. Qa5 Bd5 0-1

[Event "Edmonton June-B"]
[Site "Edmonton"]
[Date "2004.06.05"]
[Round "3"]
[White "Hughey, Micah"]
[Black "Henson, Joshua"]
[Result "1/2-1/2"]
[WhiteElo "2095"]
[BlackElo "2154"]
[PlyCount "70"]
[EventDate "2004.06.??"]
[EventType "tourn"]
[EventRounds "5"]
[EventCountry "CAN"]
[SourceTitle "EXT 2006"]
[Source "ChessBase"]
[SourceDate "2005.11.24"]
[SourceVersion "1"]
[SourceVersionDate "2005.11.24"]
[SourceQuality "1"]

1. e4 e6 2. c4 c5 3. Nf3 Nc6 4. Nc3 Nf6 5. Be2 d6 6. 0-0 Be7 7. d4 cxd4 8. Nxd4 0-0 9. a3 a6 10. b4 Qc7 11. Bb2 Bd7 12. Rc1 Rac8 13. f4 Qb6 14. Na4 Qa7 15. e5 dxe5 16. fxe5 Nxe5 17. c5 Rcd8 18. Nf5 exf5 19. Bxe5 Be6 20. Qe1 Ne4 21. Nb6 Bg5 22. Rc2 Nd2 23. Bf4 Bxf4 24. Rxf4 Qb8 25. Rf2 Ne4 26. Rf1 Qe5 27. Bf3 Qd4+ 28. Kh1 Rfe8 29. Re2 Bc4 30. Nxc4 Qxc4 31. g4 Rd5 32. Kg2 Rde5 33. gxf5 g6 34. fxg6 hxg6 35. Qh4 Qd3 1/2-1/2

[Event "IECG CA.2004.0.00124 email"]
[Site "IECG email"]
[Date "2004.05.16"]
[Round "?"]
[White "Henson, Joshua"]
[Black "Gajzner, Ryszard"]
[Result "0-1"]
[WhiteElo "2160"]
[BlackElo "2002"]
[PlyCount "80"]
[EventDate "2004.05.16"]
[EventType "tourn (corr)"]
[EventRounds "6"]
[SourceTitle "Corr 2008"]
[Source "ChessBase"]
[SourceDate "2008.06.24"]
[SourceVersion "1"]
[SourceVersionDate "2008.06.24"]
[SourceQuality "1"]

1. e4 c6 2. d4 d5 3. e5 Bf5 4. Be3 e6 5. Nd2 Nd7 6. Ngf3 Ne7 7. Nh4 Bg6 8. f4 Nf5 9. Nxf5 Bxf5 10. Be2 Qb6 11. Nb3 a5 12. a4 Bb4+ 13. c3 Be7 14. 0-0 f6 15. Bf2 0-0 16. Bh4 Rae8 17. Kh1 fxe5 18. Bxe7 Rxe7 19. fxe5 Ref7 20. Bh5 Bg6 21. Rxf7 Bxf7 22. Bg4 h5 23. Bh3 g5 24. Bxe6 Bxe6 25. Qxh5 c5 26. Qg6+ Kh8 27. Qh6+ Kg8 28. dxc5 Qa6 29. Qxg5+ Kh7 30. h3 Rf7 31. Rg1 Qd3 32. Nd4 Nf8 33. Qh4+ Kg7 34. Kh2 Bd7 35. Re1 Ne6 36. b3 Nxd4 37. cxd4 Be6 38. b4 axb4 39. Qg5+ Qg6 40. Qe3 Bf5 0-1

[Event "IECG CA.2004.0.00124 email"]
[Site "IECG email"]
[Date "2004.05.16"]
[Round "?"]
[White "Henson, Joshua"]
[Black "Kleinsorgen, Horst M"]
[Result "1/2-1/2"]
[WhiteElo "2160"]
[BlackElo "2045"]
[PlyCount "65"]
[EventDate "2004.05.16"]
[EventType "tourn (corr)"]
[EventRounds "6"]
[SourceTitle "Corr 2008"]
[Source "ChessBase"]
[SourceDate "2008.06.24"]
[SourceVersion "1"]
[SourceVersionDate "2008.06.24"]
[SourceQuality "1"]

1. e4 e5 2. Nf3 Nf6 3. Nxe5 d6 4. Nf3 Nxe4 5. Nc3 Nxc3 6. dxc3 Be7 7. Bf4 0-0 8. Qd2 Nd7 9. 0-0-0 Nc5 10. Be3 Be6 11. Kb1 c6 12. Nd4 Bd7 13. f3 a5 14. h4 a4 15. g4 a3 16. b3 d5 17. h5 h6 18. Rg1 Bg5 19. Bxg5 Qxg5 20. f4 Qh4 21. Nf3 Qf6 22. Bd3 Rad8 23. g5 hxg5 24. Rxg5 Ne4 25. Bxe4 dxe4 26. Nd4 b6 27. h6 g6 28. Qe3 c5 29. Ne2 Bb5 30. Rxd8 Rxd8 31. Nc1 Rd1 32. f5 Bd3 33. fxg6 1/2-1/2

[Event "IECG CA.2004.0.00124 email"]
[Site "IECG email"]
[Date "2004.05.16"]
[Round "?"]
[White "Henson, Joshua"]
[Black "Ventimiglia, Charles"]
[Result "1/2-1/2"]
[WhiteElo "2160"]
[BlackElo "1984"]
[PlyCount "59"]
[EventDate "2004.05.16"]
[EventType "tourn (corr)"]
[EventRounds "6"]
[SourceTitle "Corr 2008"]
[Source "ChessBase"]
[SourceDate "2008.06.24"]
[SourceVersion "1"]
[SourceVersionDate "2008.06.24"]
[SourceQuality "1"]

1. e4 c5 2. Nf3 e6 3. d4 cxd4 4. Nxd4 Nc6 5. Nc3 d6 6. Be3 Nf6 7. f4 e5 8. fxe5 Ng4 9. Bg1 Ngxe5 10. Qd2 Be7 11. 0-0-0 Bg4 12. Be2 Bg5 13. Be3 Nxd4 14. Qxd4 Bxe2 15. Nxe2 0-0 16. Bf4 Rc8 17. Kb1 Bxf4 18. Nxf4 Rc4 19. Qxa7 Rxe4 20. Nd5 Qd7 21. Rhe1 Rxe1 22. Rxe1 Re8 23. a3 h6 24. Qd4 Qc6 25. h3 Re6 26. Qd1 Ng6 27. Rxe6 fxe6 28. Qg4 Qxd5 29. Qxg6 Kf8 30. a4 1/2-1/2

[Event "Winnipeg Tuesday Night op 9th"]
[Site "Winnipeg"]
[Date "2000.09.26"]
[Round "3"]
[White "Henson, Joshua"]
[Black "Khedkar, Jay S"]
[Result "1/2-1/2"]
[WhiteElo "2149"]
[BlackElo "1994"]
[PlyCount "27"]
[EventDate "2000.09.??"]
[EventType "swiss"]
[EventRounds "6"]
[EventCountry "CAN"]
[SourceTitle "EXT 2005"]
[Source "ChessBase"]
[SourceDate "2004.11.15"]
[SourceVersion "1"]
[SourceVersionDate "2004.11.15"]
[SourceQuality "1"]

1. d4 d5 2. Bg5 h6 3. Bh4 Bf5 4. e3 Nd7 5. Bd3 Bxd3 6. Qxd3 Ngf6 7. Nc3 e6 8. Nge2 c6 9. e4 dxe4 10. Nxe4 Be7 11. Nxf6+ Nxf6 12. 0-0 0-0 13. c4 Qa5 14. Rfd1 1/2-1/2

[Event "Albert Boxer Classic op"]
[Site "Winnipeg"]
[Date "1999.09.06"]
[Round "5"]
[White "Kaptsan, Aron"]
[Black "Henson, Joshua"]
[Result "1/2-1/2"]
[WhiteElo "2170"]
[BlackElo "2110"]
[PlyCount "40"]
[EventDate "1999.09.04"]
[EventType "swiss"]
[EventRounds "6"]
[EventCountry "CAN"]
[SourceTitle "EXT 2002"]
[Source "ChessBase"]
[SourceDate "2001.11.25"]
[SourceVersion "1"]
[SourceVersionDate "2001.11.25"]
[SourceQuality "1"]

1. d4 Nf6 2. c4 c5 3. e3 g6 4. Nf3 Bg7 5. Nc3 0-0 6. Be2 cxd4 7. Nxd4 Nc6 8. 0-0 Nxd4 9. Qxd4 d6 10. Rd1 Bd7 11. c5 Ne8 12. Qb4 Bc6 13. Bd2 dxc5 14. Qxc5 Qd6 15. Qc4 Nc7 16. Be1 Qe5 17. Qg4 Qe6 18. Qxe6 Nxe6 19. Nd5 Rfe8 20. Bc3 Bxc3 1/2-1/2

[Event "CAN-ch 9899 U18"]
[Site "Vancouver"]
[Date "1999.01.01"]
[Round "10"]
[White "Henson, Joshua"]
[Black "Afrah, Navid"]
[Result "1-0"]
[WhiteElo "2010"]
[BlackElo "2195"]
[PlyCount "76"]
[EventDate "1998.12.27"]
[EventType "tourn"]
[EventRounds "11"]
[EventCountry "CAN"]
[SourceTitle "EXT 2002"]
[Source "ChessBase"]
[SourceDate "2001.11.25"]
[SourceVersion "1"]
[SourceVersionDate "2001.11.25"]
[SourceQuality "1"]

1. e4 c5 2. Nf3 e6 3. d4 cxd4 4. Nxd4 Nc6 5. Nc3 Nf6 6. Be2 Bb4 7. 0-0 Bxc3 8. bxc3 Nxe4 9. Bd3 d5 10. Ba3 Qa5 11. Nb5 Bd7 12. Rb1 a6 13. Nd6+ Nxd6 14. Bxd6 0-0-0 15. Qf3 f6 16. Rb2 Ne5 17. Qe3 Nf7 18. Bc5 Rde8 19. Rfb1 Bc6 20. Rb6 Ne5 21. R1b3 Nd7 22. Bxa6 Qxc5 23. Qxc5 Nxc5 24. Rxc6+ Kd7 25. Rxc5 bxa6 26. Rb7+ Kd6 27. Rcc7 Rb8 28. Rd7+ Ke5 29. Rxg7 Rxb7 30. Rxb7 Rc8 31. Rb3 a5 32. Ra3 Rb8 33. Kf1 Ke4 34. Ke2 Rb2 35. Ra4+ Rb4 36. cxb4 axb4 37. Rxb4+ d4 38. a4 Kd5 1-0

[Event "Manitoba-ch"]
[Site "Manitoba"]
[Date "1999.??.??"]
[Round "?"]
[White "Gentes, Kevin"]
[Black "Henson, Joshua"]
[Result "1-0"]
[WhiteElo "2325"]
[BlackElo "2010"]
[PlyCount "63"]
[EventDate "1999.??.??"]
[EventType "tourn"]
[EventRounds "7"]
[EventCountry "CAN"]
[SourceTitle "EXT 2002"]
[Source "ChessBase"]
[SourceDate "2001.11.25"]
[SourceVersion "1"]
[SourceVersionDate "2001.11.25"]
[SourceQuality "1"]

1. Nf3 Nf6 2. g3 c5 3. Bg2 g6 4. 0-0 Bg7 5. c4 0-0 6. Nc3 Nc6 7. d4 cxd4 8. Nxd4 Nxd4 9. Qxd4 d6 10. Qd2 Rb8 11. b3 a6 12. Bb2 b6 13. Rac1 Bb7 14. Nd5 Nxd5 15. cxd5 Bxb2 16. Qxb2 Qd7 17. Qd4 b5 18. Bf3 Rfc8 19. Bg4 f5 20. Bf3 Rc7 21. h4 Re8 22. h5 Rxc1 23. Rxc1 Rc8 24. Rf1 gxh5 25. Qf4 Rc5 26. Qg5+ Kh8 27. Qxh5 Kg7 28. e4 Rc8 29. exf5 Rf8 30. Be4 Rf6 31. g4 Kh8 32. Kg2 1-0